The United States daily.

Bibliographic Details
New Title:United States news
Format: Newspaper
Language:English
Published: Washington, D.C. : United States Daily.
Subjects:

MARC

Tag First Indicator Second Indicator Subfields
LEADER 00000cas a2200000 4500
001 in00000625421
005 20151015051858.0
008 781130d19261933dcuwr nea 0uuua0eng d
035 |a (OCoLC)04409974 
035 |9 ACT9098AM 
040 |a TXA  |c TXA  |d UtOrBLW 
049 |a TXAI 
090 |a JK1  |b .U649 
245 0 4 |a The United States daily. 
264 1 |a Washington, D.C. :  |b United States Daily. 
300 |a 8 volumes 
310 |a Weekly,  |b Mar. 18-May 13, 1933. 
321 |a Daily,  |b 1926-Mar. 6, 1933 
336 |a text  |b txt  |2 rdacontent 
337 |a microform  |b h  |2 rdamedia 
338 |a microfilm reel  |b hd  |2 rdacarrier 
362 0 |a v. 1-8, no. 10; Mar. 4, 1926-May 13, 1933. 
500 |a Volumes for 1926-Mar. 3, 1934 include indexes. 
515 |a Publication suspended Mar. 6-18, 1933. 
533 |a Microfilm.  |b Ann Arbor, Mich.,  |c University Microfilms.  |e 28 reels ; 35 mm. 
500 |a Microform. 
651 0 |a United States  |x Politics and government  |v Periodicals. 
785 0 0 |t United States news 
999 |a MARS 
999 f f |s 77a99759-220d-3ae7-865c-0b7e5edaa9a7  |i 94dc398e-b225-384d-86b5-9251564c9acc  |t 0 
952 f f |a Texas A&M University  |b College Station  |c Sterling C. Evans Library  |d Evans: Microforms Film (3rd floor)  |t 0  |e JK1 .U649  |h Library of Congress classification 
998 f f |a JK1 .U649  |s v.1-8 (1926-1933)  |t 0  |l Evans: Microforms Film (3rd floor)